LEADER 01841cam a2200325 a 4500 001 000000116486 003 CaOOAMICUS 005 20090626114241.0 008 090626s1997 it 100 u ita r 020 $a88-7257-029-8 040 $aPUL$bita$dLDB 041 1 $aita$afre$aeng$aspa$ager 245 00$aEditori di Quaracchi 100 anni dopo :$bbilancio e prospettive : Atti del Colloquio Internazionale, Roma 29-30 maggio 1995, Scuola Superiore di Studi Medievali e Francescani, Pontificio Ateneo Antonianum /$ca cura di Alvaro Cacciotti e Barbara Faes de Mottoni. 246 3 $aEditori di Quaracchi cento anni dopo :$bbilancio e prospettive 260 $aRoma :$bAntonianum,$c1997. 300 $a509 p. ;$c24 cm. 490 1 $aMedioevo ;$v003 504 $aBibliografia in nota. 546 $aTesti in italiano, francese, inglese, spagnolo e tedesco. 610 24$aFrancescani$xOpere$xEdizioni$ySec. XIX-XX.$0(OLS)http://pul/subject/35574 700 1 $aCacciotti, Alvaro,$cO.F.M.,$d1955-$0(OLS)http://pul/name/68549 700 1 $aFaes De Mottoni, Barbara,$d1945-$0(OLS)http://pul/name/15146 830 0$aMedioevo (Antonianum) ;$v003.$0(OLS)http://pul/title/142411 850 $aPUL 852 $aPUL$W1$xSL Religione 3$y85$m255. 3 CACAL 2$j133502$qDDC 21$B132534$CPULBib$Z2$F132534 $H110896 $82 941 1 $a9 996 $6020$a88-7257-029-8$9(OLS)http://pul/number/141336 996 $6245$aEditori di Quaracchi 100 anni dopo :$bbilancio e prospettive : Atti del Colloquio Internazionale, Roma 29-30 maggio 1995, Scuola Superiore di Studi Medievali e Francescani, Pontificio Ateneo Antonianum$9(OLS)http://pul/title/146379 996 $6246$aEditori di Quaracchi cento anni dopo :$bbilancio e prospettive$9(OLS)http://pul/title/146380 996 $6260$aRoma :$bAntonianum$9(OLS)http://pul/publisher/57258 LEADER 01428namaa2200361 i 4500 001 000000177946 003 CaOOAMICUS 005 20250723104444.0 007 tu 008 250723s2015 xxua 000 u eng r 020 $a978-1-56148-823-0* 040 $aPUL$bita$erda 082 0 $a364.6 100 1 $aZehr, Howard,$d1944-,$eautore.$0(OLS)http://pul/name/114486 245 14$aThe little book of restorative justice /$cHoward Zehr. 250 $aRevised and updated 264 4$cİ2015. 264 1$aNew York :$bGood Books,$c[2015] 300 $a105 pagine ;$c21 cm 336 $atesto$btxt$2rdacontent 337 $asenza mediazione$bn$2rdamedia 338 $avolume$bnc$2rdacarrier 500 $aIn copertina : a bestselling book by one of the founders of the movement 650 4$aGiustizia riparativa.$0(OLS)http://pul/subject/45724 850 $aPUL 852 $aPUL$W1$xSL Diritto e Scienze Sociali 3$y79$m364. 6 ZEHHO 1$j201887$qDDC 21$B206933$CPULBib$Z2$F206933 $H138035 $82 941 1 $a9 996 $6020$a978-1-56148-823-0*$9(OLS)http://pul/number/170522 996 $6082$a364.6$9(OLS)http://pul/classification/2596 996 $6245$aThe little book of restorative justice$9(OLS)http://pul/title/219510 996 $6264$aNew York :$bGood Books$9(OLS)http://pul/publisher/87677 996 $6264$a[S.l.] :$b[s.n.]$9(OLS)http://pul/publisher/0